[Event "DEM U10w 2021"]
[Site "Willingen GER"]
[Date "2021.08.24"]
[Round "3"]
[White "Will, Elina"]
[Black "Dominick, Johanna"]
[Result "1-0"]
[Termination "normal"]
[Board "7"]
[WhiteElo "1181"]
[BlackElo "936"]
[WhiteClock "00:51:33"]
[BlackClock "01:05:58"]
[PlyCount "87"]
[WhiteFideId "34623434"]
[BlackFideId "16296532"]
[EventCountry "GER"]
[EventRounds "11"]
[EventType "swiss"]
[EventDate "2021.08.22"]

1. e4 {[%clk 01:15:58]} {[%emt 00:00:01]} d5 {[%clk 01:15:54]} {[%emt
00:00:06]} 2. exd5 {[%clk 01:16:18]} {[%emt 00:00:10]} Qxd5 {[%clk 01:16:12]}
{[%emt 00:00:08]} 3. Nc3 {[%clk 01:16:41]} {[%emt 00:00:11]} Qa5 {[%clk
01:16:33]} {[%emt 00:00:04]} 4. d4 {[%clk 01:16:44]} {[%emt 00:00:33]} c6
{[%clk 01:16:53]} {[%emt 00:00:07]} 5. Bd2 {[%clk 01:15:47]} {[%emt 00:01:29]}
Qc7 {[%clk 01:17:11]} {[%emt 00:00:08]} 6. Bc4 {[%clk 01:14:35]} {[%emt
00:01:46]} Bf5 {[%clk 01:17:15]} {[%emt 00:00:19]} 7. Nf3 {[%clk 01:13:26]}
{[%emt 00:01:46]} e6 {[%clk 01:17:13]} {[%emt 00:00:28]} 8. Bb3 {[%clk
01:08:58]} {[%emt 00:05:02]} Bd6 {[%clk 01:17:29]} {[%emt 00:00:14]} 9. Qe2
{[%clk 01:08:23]} {[%emt 00:01:05]} Nf6 {[%clk 01:17:27]} {[%emt 00:00:28]} 10.
Ne5 {[%clk 01:06:27]} {[%emt 00:02:30]} Nbd7 {[%clk 01:16:28]} {[%emt
00:01:29]} 11. f4 {[%clk 01:00:13]} {[%emt 00:06:44]} Nxe5 {[%clk 01:15:47]}
{[%emt 00:01:11]} 12. fxe5 {[%clk 01:00:36]} {[%emt 00:00:07]} Bg4 {[%clk
01:15:53]} {[%emt 00:00:19]} 13. exd6 {[%clk 01:00:56]} {[%emt 00:00:16]} Qxd6
{[%clk 01:16:05]} {[%emt 00:00:14]} 14. Qe5 {[%clk 01:01:00]} {[%emt 00:00:30]}
Qxe5+ {[%emt 00:01:10]} 15. dxe5 {[%clk 01:01:17]} {[%emt 00:00:03]} Nd5 {[%clk
01:15:22]} {[%emt 00:00:36]} 16. Bxd5 {[%clk 01:00:38]} {[%emt 00:01:16]} cxd5
{[%clk 01:15:35]} {[%emt 00:00:10]} 17. Nb5 {[%clk 01:01:03]} {[%emt 00:00:12]}
O-O {[%clk 01:15:30]} {[%emt 00:00:31]} 18. Bb4 {[%clk 00:59:49]} {[%emt
00:01:47]} Rfc8 {[%clk 01:15:18]} {[%emt 00:00:26]} 19. Bc3 {[%clk 00:56:26]}
{[%emt 00:04:09]} Rc4 {[%clk 01:14:06]} {[%emt 00:01:33]} 20. Nd6 {[%clk
00:55:53]} {[%emt 00:01:12]} Rc6 {[%clk 01:13:44]} {[%emt 00:00:30]} 21. O-O
{[%clk 00:56:04]} {[%emt 00:00:40]} Bh5 {[%clk 01:12:48]} {[%emt 00:01:18]} 22.
h3 {[%clk 00:56:04]} {[%emt 00:00:39]} Rf8 {[%clk 01:12:10]} {[%emt 00:00:56]}
23. Nxb7 {[%clk 00:55:26]} {[%emt 00:01:20]} Rb6 {[%clk 01:12:02]} {[%emt
00:00:29]} 24. Nd6 {[%clk 00:55:34]} {[%emt 00:00:30]} Be2 {[%clk 01:11:14]}
{[%emt 00:01:13]} 25. Rf2 {[%clk 00:54:45]} {[%emt 00:01:24]} Ba6 {[%clk
01:11:00]} {[%emt 00:00:37]} 26. a3 {[%clk 00:53:16]} {[%emt 00:02:08]} f6
{[%clk 01:10:50]} {[%emt 00:00:34]} 27. b4 {[%clk 00:51:06]} {[%emt 00:02:45]}
fxe5 {[%clk 01:10:32]} {[%emt 00:00:42]} 28. Bxe5 {[%clk 00:51:18]} {[%emt
00:00:24]} Rxf2 {[%clk 01:10:46]} {[%emt 00:00:08]} 29. Kxf2 {[%clk 00:51:43]}
{[%emt 00:00:13]} Rc6 {[%clk 01:09:48]} {[%emt 00:00:51]} 30. b5 {[%clk
00:52:01]} {[%emt 00:00:49]} Rxc2+ {[%clk 01:09:54]} {[%emt 00:00:17]} 31. Kf3
{[%clk 00:51:29]} {[%emt 00:01:09]} Bc8 {[%clk 01:09:55]} {[%emt 00:00:27]} 32.
Nxc8 {[%clk 00:51:35]} {[%emt 00:00:26]} Rxc8 {[%clk 01:10:11]} {[%emt
00:00:09]} 33. Rb1 {[%clk 00:51:57]} {[%emt 00:00:13]} Rf8+ {[%clk 01:10:31]}
{[%emt 00:00:07]} 34. Ke3 {[%clk 00:52:07]} {[%emt 00:00:23]} Rf5 {[%clk
01:10:29]} {[%emt 00:00:24]} 35. Kd4 {[%clk 00:52:23]} {[%emt 00:00:20]} Rh5
{[%clk 01:10:14]} {[%emt 00:00:43]} 36. Bg3 {[%clk 00:50:19]} {[%emt 00:02:38]}
Rg5 {[%clk 01:09:53]} {[%emt 00:00:44]} 37. Rb3 {[%clk 00:50:26]} {[%emt
00:00:30]} a5 {[%clk 01:09:07]} {[%emt 00:01:12]} 38. bxa6 {[%clk 00:50:51]}
{[%emt 00:00:10]} Rf5 {[%clk 01:08:10]} {[%emt 00:01:18]} 39. a7 {[%clk
00:51:12]} {[%emt 00:00:17]} Rf8 {[%emt 00:02:03]} 40. Rb8 {[%emt 00:00:06]}
Rxb8 {[%clk 01:05:45]} {[%emt 00:00:40]} 41. axb8=Q+ {[%emt 00:00:10]} Kf7
{[%emt 00:00:12]} 42. Qd8 {[%clk 00:51:12]} {[%emt 00:00:14]} Kg6 {[%clk
01:05:58]} {[%emt 00:00:12]} 43. Bh4 {[%clk 00:51:33]} {[%emt 00:00:14]} Kf5
{[%emt 00:00:13]} 44. Qg5+ {[%clk 00:51:33]} {[%emt 00:00:08]} 1-0

[Event "DEM U10w 2021"]
[Site "Willingen GER"]
[Date "2021.08.24"]
[Round "3"]
[White "Margaryan, Mane"]
[Black "Mehner, Clara"]
[Result "0-1"]
[Termination "normal"]
[Board "8"]
[WhiteElo "893"]
[BlackElo "1159"]
[WhiteClock "00:30:20"]
[BlackClock "00:16:25"]
[PlyCount "46"]
[WhiteFideId "16268237"]
[BlackFideId "34612165"]
[EventCountry "GER"]
[EventRounds "11"]
[EventType "swiss"]
[EventDate "2021.08.22"]

1. d4 {[%clk 01:15:59]} {[%emt 00:00:02]} Nf6 {[%clk 01:15:54]} {[%emt
00:00:06]} 2. c4 {[%clk 01:16:22]} {[%emt 00:00:07]} e5 {[%clk 01:16:12]}
{[%emt 00:00:11]} 3. dxe5 {[%clk 01:16:01]} {[%emt 00:00:51]} Ng4 {[%clk
01:16:20]} {[%emt 00:00:22]} 4. Bf4 {[%clk 01:15:29]} {[%emt 00:01:02]} Nc6
{[%clk 01:16:15]} {[%emt 00:00:36]} 5. e3 {[%clk 01:14:57]} {[%emt 00:01:01]}
Bc5 {[%clk 01:13:56]} {[%emt 00:02:50]} 6. Qxg4 {[%clk 01:14:51]} {[%emt
00:00:36]} Rg8 {[%clk 01:11:18]} {[%emt 00:03:06]} 7. Bd3 {[%clk 01:12:24]}
{[%emt 00:02:58]} d6 {[%clk 01:07:23]} {[%emt 00:04:25]} 8. Qe2 {[%clk
01:07:29]} {[%emt 00:05:24]} dxe5 {[%clk 01:01:20]} {[%emt 00:06:35]} 9. Bg3
{[%clk 01:05:54]} {[%emt 00:02:04]} Rf8 {[%clk 00:54:30]} {[%emt 00:07:21]} 10.
Nf3 {[%clk 01:04:32]} {[%emt 00:01:52]} Qe7 {[%clk 00:50:24]} {[%emt 00:04:36]}
11. Bc2 {[%clk 00:58:53]} {[%emt 00:06:09]} Bg4 {[%clk 00:48:03]} {[%emt
00:02:50]} 12. Qd3 {[%clk 00:51:05]} {[%emt 00:08:18]} f5 {[%clk 00:41:04]}
{[%emt 00:07:30]} 13. Bh4 {[%clk 00:48:37]} {[%emt 00:02:57]} Qe6 {[%clk
00:33:24]} {[%emt 00:08:09]} 14. Ng5 {[%clk 00:44:28]} {[%emt 00:04:40]} Qg6
{[%clk 00:30:05]} {[%emt 00:03:49]} 15. Nc3 {[%clk 00:43:20]} {[%emt 00:01:38]}
Nb4 {[%clk 00:26:16]} {[%emt 00:04:19]} 16. Ba4+ {[%clk 00:39:18]} {[%emt
00:03:27]} c6 {[%clk 00:26:10]} {[%emt 00:01:41]} 17. f3 {[%clk 00:38:47]}
{[%emt 00:01:01]} Nxd3+ {[%clk 00:26:14]} {[%emt 00:00:27]} 18. Kd2 {[%clk
00:38:37]} {[%emt 00:00:39]} f4 {[%clk 00:22:42]} {[%emt 00:04:02]} 19. fxg4
{[%clk 00:36:46]} {[%emt 00:02:22]} fxe3+ {[%clk 00:22:31]} {[%emt 00:00:41]}
20. Ke2 {[%clk 00:36:09]} {[%emt 00:01:06]} h6 {[%clk 00:19:35]} {[%emt
00:03:26]} 21. Nd5 {[%clk 00:35:53]} {[%emt 00:00:46]} Rc8 {[%clk 00:17:54]}
{[%emt 00:02:11]} 22. Nf3 {[%clk 00:34:41]} {[%emt 00:01:41]} e4 {[%clk
00:16:25]} {[%emt 00:02:00]} 23. Nxe3 {[%clk 00:30:20]} {[%emt 00:04:52]} exf3+
{[%clk 00:16:25]} {[%emt 00:00:29]} 0-1

[Event "DEM U10w 2021"]
[Site "Willingen GER"]
[Date "2021.08.24"]
[Round "3"]
[White "Wartenberg, Adelia"]
[Black "Zhou, Leyi Charlotte"]
[Result "0-1"]
[Termination "normal"]
[Board "9"]
[WhiteElo "791"]
[BlackElo "1100"]
[WhiteClock "01:08:47"]
[BlackClock "01:06:35"]
[PlyCount "58"]
[WhiteFideId "34601830"]
[BlackFideId "16258100"]
[EventCountry "GER"]
[EventRounds "11"]
[EventType "swiss"]
[EventDate "2021.08.22"]

1. e4 {[%clk 01:15:52]} {[%emt 00:00:02]} e5 {[%clk 01:15:58]} {[%emt
00:00:09]} 2. Bc4 {[%clk 01:16:17]} {[%emt 00:00:05]} Nc6 {[%clk 01:16:19]}
{[%emt 00:00:09]} 3. Qh5 {[%clk 01:16:38]} {[%emt 00:00:09]} Qe7 {[%clk
01:16:18]} {[%emt 00:00:31]} 4. d3 {[%clk 01:17:00]} {[%emt 00:00:07]} Nf6
{[%clk 01:16:37]} {[%emt 00:00:12]} 5. Qf3 {[%clk 01:17:22]} {[%emt 00:00:08]}
d6 {[%clk 01:16:11]} {[%emt 00:00:56]} 6. h3 {[%clk 01:17:25]} {[%emt
00:00:27]} Be6 {[%clk 01:15:00]} {[%emt 00:01:41]} 7. Bxe6 {[%clk 01:17:33]}
{[%emt 00:00:22]} fxe6 {[%clk 01:15:22]} {[%emt 00:00:07]} 8. Ne2 {[%clk
01:17:12]} {[%emt 00:00:51]} O-O-O {[%clk 01:15:32]} {[%emt 00:00:20]} 9. Qe3
{[%clk 01:17:18]} {[%emt 00:00:25]} d5 {[%clk 01:15:24]} {[%emt 00:00:38]} 10.
Nec3 {[%clk 01:17:19]} {[%emt 00:00:27]} d4 {[%clk 01:15:35]} {[%emt 00:00:21]}
11. Qd2 {[%clk 01:17:23]} {[%emt 00:00:24]} dxc3 {[%clk 01:15:35]} {[%emt
00:00:31]} 12. Qxc3 {[%clk 01:17:41]} {[%emt 00:00:11]} Qd7 {[%clk 01:15:39]}
{[%emt 00:00:27]} 13. a3 {[%clk 01:17:09]} {[%emt 00:01:03]} Qd4 {[%clk
01:15:11]} {[%emt 00:00:58]} 14. Qb3 {[%clk 01:16:46]} {[%emt 00:00:52]} Qd6
{[%clk 01:13:09]} {[%emt 00:02:33]} 15. Be3 {[%clk 01:15:38]} {[%emt 00:01:38]}
Nxe4 {[%clk 01:13:21]} {[%emt 00:00:17]} 16. Nc3 {[%clk 01:13:43]} {[%emt
00:02:25]} Nxc3 {[%emt 00:03:08]} 17. Qxc3 {[%clk 01:13:42]} {[%emt 00:00:29]}
Be7 {[%clk 01:10:54]} {[%emt 00:00:22]} 18. a4 {[%clk 01:12:34]} {[%emt
00:01:39]} Bf6 {[%clk 01:10:52]} {[%emt 00:00:31]} 19. Ra3 {[%clk 01:12:37]}
{[%emt 00:00:27]} e4 {[%clk 01:10:52]} {[%emt 00:00:30]} 20. Qc4 {[%clk
01:12:43]} {[%emt 00:00:23]} Bxb2 {[%clk 01:09:40]} {[%emt 00:01:42]} 21. Rb3
{[%clk 01:12:52]} {[%emt 00:00:22]} Na5 {[%clk 01:08:47]} {[%emt 00:01:23]} 22.
Qb5 {[%clk 01:11:35]} {[%emt 00:01:45]} Nxb3 {[%clk 01:08:45]} {[%emt
00:00:33]} 23. Qxb3 {[%clk 01:10:36]} {[%emt 00:01:28]} Bd4 {[%clk 01:07:48]}
{[%emt 00:01:29]} 24. O-O {[%clk 01:10:36]} {[%emt 00:00:30]} Bxe3 {[%clk
01:07:19]} {[%emt 00:00:59]} 25. fxe3 {[%clk 01:10:43]} {[%emt 00:00:22]} exd3
{[%clk 01:07:45]} {[%emt 00:00:05]} 26. Rb1 {[%clk 01:10:35]} {[%emt 00:00:35]}
b6 {[%clk 01:06:58]} {[%emt 00:01:20]} 27. a5 {[%clk 01:10:38]} {[%emt
00:00:27]} dxc2 {[%clk 01:07:10]} {[%emt 00:00:18]} 28. Qxc2 {[%clk 01:10:16]}
{[%emt 00:00:52]} bxa5 {[%clk 01:06:36]} {[%emt 00:01:04]} 29. Rb5 {[%clk
01:08:47]} {[%emt 00:01:55]} Qd1+ {[%clk 01:06:35]} {[%emt 00:00:35]} 0-1

[Event "DEM U10w 2021"]
[Site "Willingen GER"]
[Date "2021.08.24"]
[Round "3"]
[White "Amrhein, Yana"]
[Black "Glotz, Katharina"]
[Result "1-0"]
[Termination "normal"]
[Board "10"]
[WhiteElo "735"]
[BlackElo "1081"]
[WhiteClock "01:14:43"]
[BlackClock "00:53:48"]
[PlyCount "65"]
[WhiteFideId "34638253"]
[BlackFideId "34631011"]
[EventCountry "GER"]
[EventRounds "11"]
[EventType "swiss"]
[EventDate "2021.08.22"]

1. Nf3 {[%emt 00:00:07]} c5 {[%emt 00:00:06]} 2. d3 {[%clk 01:15:39]} {[%emt
00:00:07]} Nc6 {[%clk 01:15:47]} {[%emt 00:00:13]} 3. g3 {[%clk 01:15:59]}
{[%emt 00:00:09]} g6 {[%clk 01:16:03]} {[%emt 00:00:14]} 4. Bg2 {[%clk
01:16:19]} {[%emt 00:00:10]} Bg7 {[%clk 01:16:15]} {[%emt 00:00:18]} 5. O-O
{[%clk 01:16:35]} {[%emt 00:00:14]} d6 {[%clk 01:16:35]} {[%emt 00:00:11]} 6.
Nbd2 {[%clk 01:15:59]} {[%emt 00:01:06]} Qc7 {[%clk 01:16:00]} {[%emt
00:01:05]} 7. Rb1 {[%clk 01:15:42]} {[%emt 00:00:45]} a6 {[%clk 01:11:49]}
{[%emt 00:04:43]} 8. b3 {[%clk 01:15:36]} {[%emt 00:00:37]} Be6 {[%clk
01:06:36]} {[%emt 00:05:42]} 9. Bb2 {[%clk 01:15:44]} {[%emt 00:00:21]} Nf6
{[%clk 01:06:49]} {[%emt 00:00:17]} 10. c4 {[%clk 01:15:30]} {[%emt 00:00:45]}
O-O {[%clk 01:06:11]} {[%emt 00:01:08]} 11. Qc2 {[%clk 01:15:15]} {[%emt
00:00:45]} b5 {[%clk 01:05:20]} {[%emt 00:01:20]} 12. Qc3 {[%clk 01:15:14]}
{[%emt 00:00:30]} Rfd8 {[%clk 01:04:33]} {[%emt 00:01:18]} 13. Ne4 {[%clk
01:14:49]} {[%emt 00:00:56]} Ne8 {[%clk 01:03:36]} {[%emt 00:01:27]} 14. Qc2
{[%clk 01:14:13]} {[%emt 00:00:57]} d5 {[%clk 01:02:19]} {[%emt 00:01:56]} 15.
Neg5 {[%clk 01:13:54]} {[%emt 00:00:48]} Bf5 {[%clk 01:00:33]} {[%emt
00:02:16]} 16. cxd5 {[%clk 01:13:40]} {[%emt 00:00:45]} Rxd5 {[%clk 00:59:02]}
{[%emt 00:02:01]} 17. e4 {[%clk 01:13:47]} {[%emt 00:00:20]} Nb4 {[%clk
00:58:24]} {[%emt 00:01:11]} 18. Qd2 {[%clk 01:12:52]} {[%emt 00:01:23]} Rxd3
{[%clk 00:58:28]} {[%emt 00:00:28]} 19. Qe2 {[%clk 01:12:48]} {[%emt 00:00:26]}
Bd7 {[%clk 00:56:33]} {[%emt 00:02:32]} 20. e5 {[%clk 01:12:41]} {[%emt
00:00:37]} f6 {[%clk 00:56:01]} {[%emt 00:01:02]} 21. Ne1 {[%clk 01:12:51]}
{[%emt 00:00:17]} Bc6 {[%clk 00:55:31]} {[%emt 00:01:02]} 22. Nxd3 {[%clk
01:12:56]} {[%emt 00:00:25]} Nxd3 {[%clk 00:55:19]} {[%emt 00:00:44]} 23. Qxd3
{[%clk 01:13:00]} {[%emt 00:00:26]} Bxg2 {[%clk 00:54:59]} {[%emt 00:00:50]}
24. Kxg2 {[%clk 01:13:17]} {[%emt 00:00:12]} fxg5 {[%clk 00:55:21]} {[%emt
00:00:09]} 25. Qd5+ {[%clk 01:13:27]} {[%emt 00:00:16]} Kf8 {[%clk 00:55:01]}
{[%emt 00:00:53]} 26. Qxa8 {[%clk 01:13:51]} {[%emt 00:00:07]} Qb6 {[%clk
00:54:25]} {[%emt 00:01:05]} 27. Qf3+ {[%clk 01:13:57]} {[%emt 00:00:24]} Kg8
{[%clk 00:54:42]} {[%emt 00:00:12]} 28. Rfd1 {[%clk 01:13:58]} {[%emt
00:00:23]} Qb8 {[%clk 00:54:39]} {[%emt 00:00:41]} 29. e6 {[%clk 01:14:11]}
{[%emt 00:00:17]} Bf6 {[%clk 00:53:53]} {[%emt 00:01:13]} 30. Bxf6 {[%clk
01:14:20]} {[%emt 00:00:24]} exf6 {[%clk 00:54:11]} {[%emt 00:00:12]} 31. Qd5
{[%clk 01:14:15]} {[%emt 00:00:34]} Qc7 {[%clk 00:53:35]} {[%emt 00:01:07]} 32.
e7+ {[%clk 01:14:30]} {[%emt 00:00:14]} Kg7 {[%clk 00:53:48]} {[%emt 00:00:17]}
33. Qd8 {[%clk 01:14:43]} {[%emt 00:00:17]} 1-0

[Event "DEM U10w 2021"]
[Site "Willingen GER"]
[Date "2021.08.24"]
[Round "3"]
[White "Kovalskyy, Alicia"]
[Black "Kühne, Malin"]
[Result "1-0"]
[Termination "normal"]
[Board "11"]
[WhiteElo "1078"]
[BlackElo "938"]
[WhiteClock "00:58:52"]
[BlackClock "00:30:02"]
[PlyCount "89"]
[WhiteFideId "34612130"]
[BlackFideId "34619747"]
[EventCountry "GER"]
[EventRounds "11"]
[EventType "swiss"]
[EventDate "2021.08.22"]

1. e4 {[%clk 01:15:59]} e5 {[%clk 01:15:53]} {[%emt 00:00:07]} 2. Nf3 {[%clk
01:16:26]} {[%emt 00:00:03]} Nc6 {[%clk 01:16:16]} {[%emt 00:00:08]} 3. Bc4
{[%clk 01:16:52]} {[%emt 00:00:04]} Nf6 {[%clk 01:16:09]} {[%emt 00:00:37]} 4.
Ng5 {[%clk 01:17:15]} {[%emt 00:00:06]} d5 {[%clk 01:13:43]} {[%emt 00:02:56]}
5. exd5 {[%clk 01:17:39]} {[%emt 00:00:06]} Nxd5 {[%clk 01:13:44]} {[%emt
00:00:29]} 6. d4 {[%clk 01:18:05]} {[%emt 00:00:04]} exd4 {[%clk 01:05:15]}
{[%emt 00:08:59]} 7. Nxf7 {[%clk 01:18:05]} {[%emt 00:00:30]} Qe7+ {[%clk
00:57:05]} {[%emt 00:08:40]} 8. Qe2 {[%clk 01:11:43]} {[%emt 00:06:52]} Qxe2+
{[%clk 00:55:55]} 9. Kxe2 {[%clk 01:12:07]} {[%emt 00:01:47]} Be6 {[%clk
00:55:03]} {[%emt 00:01:21]} 10. Nxh8 {[%clk 01:12:12]} {[%emt 00:00:25]} Nf4+
{[%clk 00:51:51]} {[%emt 00:03:42]} 11. Bxf4 {[%clk 01:11:43]} {[%emt
00:00:58]} Bxc4+ {[%clk 00:51:02]} {[%emt 00:01:21]} 12. Kd1 {[%clk 01:11:17]}
{[%emt 00:00:53]} O-O-O {[%clk 00:50:40]} {[%emt 00:00:54]} 13. Re1 {[%clk
01:09:52]} {[%emt 00:01:56]} Bb4 {[%clk 00:50:14]} {[%emt 00:00:56]} 14. Bd2
{[%clk 01:05:39]} {[%emt 00:04:42]} Rxh8 {[%clk 00:48:37]} {[%emt 00:02:08]}
15. Bxb4 {[%clk 01:04:44]} {[%emt 00:01:24]} Nxb4 {[%clk 00:48:35]} {[%emt
00:00:33]} 16. a3 {[%clk 01:04:58]} {[%emt 00:00:16]} Nc6 {[%emt 00:02:33]} 17.
Nd2 {[%clk 01:05:14]} {[%emt 00:00:13]} Bd5 {[%clk 00:46:41]} {[%emt 00:00:21]}
18. f3 {[%clk 01:05:07]} {[%emt 00:00:37]} b5 {[%clk 00:43:13]} {[%emt
00:03:58]} 19. Rc1 {[%clk 01:04:04]} {[%emt 00:01:32]} Rd8 {[%clk 00:43:21]}
{[%emt 00:00:23]} 20. c4 {[%clk 01:03:41]} {[%emt 00:00:53]} bxc4 {[%clk
00:42:42]} {[%emt 00:01:09]} 21. Nxc4 {[%clk 01:03:46]} {[%emt 00:00:25]} Bxc4
{[%clk 00:42:34]} {[%emt 00:00:38]} 22. Rxc4 {[%clk 01:03:57]} {[%emt
00:00:18]} Rd6 {[%clk 00:42:54]} {[%emt 00:00:11]} 23. Re4 {[%clk 01:03:53]}
{[%emt 00:00:34]} Kb7 {[%clk 00:39:46]} {[%emt 00:03:39]} 24. Kd2 {[%clk
01:03:49]} {[%emt 00:00:33]} Kb6 {[%clk 00:38:33]} {[%emt 00:01:43]} 25. g4
{[%clk 01:02:18]} {[%emt 00:02:01]} Kb5 {[%clk 00:38:41]} {[%emt 00:00:23]} 26.
b3 {[%clk 01:02:07]} {[%emt 00:00:40]} g6 {[%clk 00:36:12]} {[%emt 00:02:59]}
27. Re8 {[%clk 01:01:38]} {[%emt 00:00:59]} Rd7 {[%clk 00:34:15]} {[%emt
00:02:27]} 28. a4+ {[%clk 01:00:59]} {[%emt 00:01:09]} Kb6 {[%clk 00:34:19]}
{[%emt 00:00:26]} 29. Re6 {[%clk 01:00:41]} {[%emt 00:00:47]} Rd6 {[%clk
00:33:07]} {[%emt 00:01:43]} 30. a5+ {[%clk 01:00:16]} {[%emt 00:00:55]} Kb5
{[%clk 00:33:05]} {[%emt 00:00:32]} 31. Rxd6 {[%clk 01:00:15]} {[%emt
00:00:31]} cxd6 {[%clk 00:33:21]} {[%emt 00:00:14]} 32. h4 {[%clk 01:00:26]}
{[%emt 00:00:18]} d5 {[%clk 00:33:38]} {[%emt 00:00:14]} 33. Ra4 {[%clk
01:00:18]} {[%emt 00:00:38]} a6 {[%clk 00:33:34]} {[%emt 00:00:34]} 34. f4
{[%clk 01:00:22]} {[%emt 00:00:25]} Nxa5 {[%clk 00:32:56]} {[%emt 00:01:09]}
35. f5 {[%clk 01:00:03]} {[%emt 00:00:49]} Nxb3+ {[%clk 00:32:55]} {[%emt
00:00:31]} 36. Ke2 {[%clk 00:58:26]} {[%emt 00:02:05]} Kxa4 {[%clk 00:33:00]}
{[%emt 00:00:27]} 37. fxg6 {[%clk 00:58:21]} {[%emt 00:00:36]} hxg6 {[%clk
00:32:51]} {[%emt 00:00:38]} 38. h5 {[%clk 00:58:44]} {[%emt 00:00:07]} gxh5
{[%clk 00:31:30]} {[%emt 00:01:51]} 39. gxh5 {[%clk 00:58:28]} {[%emt
00:00:46]} Nc5 {[%clk 00:31:46]} {[%emt 00:00:14]} 40. h6 {[%clk 00:58:08]}
{[%emt 00:00:51]} d3+ {[%clk 00:32:07]} {[%emt 00:00:09]} 41. Kd1 {[%clk
00:58:13]} {[%emt 00:00:24]} Ne4 {[%clk 00:30:28]} {[%emt 00:02:09]} 42. h7
{[%clk 00:58:14]} {[%emt 00:00:29]} Nf2+ {[%clk 00:30:19]} {[%emt 00:00:39]}
43. Ke1 {[%clk 00:58:16]} {[%emt 00:00:28]} d2+ {[%clk 00:29:48]} {[%emt
00:01:01]} 44. Kxd2 {[%clk 00:58:40]} {[%emt 00:00:06]} Ne4+ {[%clk 00:30:02]}
{[%emt 00:00:16]} 45. Ke1 {[%clk 00:58:52]} {[%emt 00:00:18]} 1-0